Chanteurs français par photo, années 2010'-2020' - Statistiques

Statistiques générales
  • Ce quiz a été pris 5 213 fois
  • Le résultat moyen est 18 sur 24
Statistiques - réponses
Par images Réponse % Correct
Gims
97%
Aya Nakamura
96%
Stromae
96%
Vianney
96%
Angèle
94%
M. Pokora
94%
Kendji Girac
93%
Mika
91%
Vitaa
91%
Christophe Maé
90%
Indila
90%
Julien Doré
89%
Keen'V
89%
Shy'm
72%
Colonel Reyel
71%
Claudio Capéo
70%
Christophe Willem
67%
Coeur de pirate
65%
Joyce Jonathan
61%
Grégoire
59%
Jena Lee
30%
Zaho
29%
Renan Luce
27%
Ben l'Oncle Soul
26%
Aucun quiz correspondant
Distribution des résultats
% des personnes avec chaque résultat
Percentile par nombre de réponses
Votre historique - résultats
Vous n’avez pas pris ce quiz